Europa / (Record no. 61338)

MARC details
000 -LEADER
campo de control de longitud fija 00596nam a2200205 i 4500
001 - NÚMERO DE CONTROL
campo de control 61338
003 - IDENTIFICADOR DE NÚMERO DE CONTROL
campo de control ES-MaACL
005 - FECHA Y HORA DE LA ÚLTIMA TRANSACCIÓN
campo de control 20230906164433.0
007 - CAMPO FIJO DE DESCRIPCIÓN FÍSICA--INFORMACIÓN GENERAL
campo de control de longitud fija t|
008 - DATOS DE LONGITUD FIJA--INFORMACIÓN GENERAL
campo de control de longitud fija 031111s1956 sp ||||1| spa d
245 00 - MENCIÓN DEL TÍTULO
Título Europa /
Mención de responsabilidad, etc. por C.E. Black...[et al.] ; [versión española de J.M. Claramunda Bes].
260 ## - PUBLICACIÓN, DISTRIBUCIÓN, ETC.
Lugar de publicación, distribución, etc. Barcelona :
Nombre del editor, distribuidor, etc. Hispano Europea,
Fecha de publicación, distribución, etc. [1956]
300 ## - DESCRIPCIÓN FÍSICA
Extensión 236 p. ;
Dimensiones 21 cm.
490 1# - MENCIÓN DE SERIE
Mención de serie Galileo
700 1# - ENTRADA AGREGADA--NOMBRE PERSONAL
Nombre de persona Black, C. E.
9 (RLIN) 29057
700 1# - ENTRADA AGREGADA--NOMBRE PERSONAL
Nombre de persona Claramunda Bes, José María.
9 (RLIN) 38998
830 0# - PUNTO DE ACCESO ADICIONAL DE SERIE-TÍTULO UNIFORME
Título uniforme Galileo
9 (RLIN) 182278
852 ## - LOCALIZACIÓN
Ubicación ES-MaACL
Número de control de estantería C-11854
Sublocalización o colección R.40026
Holdings
Estatus retirado Estado de pérdida Estado de daño No para préstamo Biblioteca de origen Biblioteca actual Ubicación en estantería Fecha de adquisición Fuente de adquisición Total de préstamos Signatura topográfica completa Código de barras Visto por última vez Precio de reemplazo Tipo de ítem Koha
        Biblioteca del Ateneo de Madrid Biblioteca del Ateneo de Madrid Sala Palomar 17/01/2008     C-11854 1064320 23/02/2023 23/02/2023 Libro impreso